[Event "Sardegna Region-ch"]
[Site "Sardara"]
[Date "2011.05.29"]
[Round "7"]
[White "Cao, Carlo"]
[Black "Toniolo, Massimo"]
[Result "0-1"]
[WhiteElo "1461"]
[BlackElo "1748"]
[PlyCount "40"]
[EventDate "2011.05.23"]
[EventType "swiss"]
[EventRounds "8"]
[EventCountry "ITA"]
[SourceTitle "EXT 2023"]
[Source "ChessBase"]
[SourceDate "2022.10.05"]
[SourceVersion "1"]
[SourceVersionDate "2022.10.05"]
[SourceQuality "1"]

1. e4 c5 2. Nc3 e6 3. f4 Nc6 4. Bb5 Qc7 5. d3 a6 6. Bxc6 Qxc6 7. Nf3 b5 8. 0-0 d6 9. Qe1 b4 10. Ne2 Be7 11. Ng3 Nf6 12. e5 Nd7 13. f5 Nxe5 14. Nxe5 dxe5 15. Nh5 Bf6 16. Qg3 Bb7 17. Nxg7+ Bxg7 18. Qxg7 0-0-0 19. Qg4 Rdg8 20. Qe4 Qc7 0-1